Catálogo

Vista normal Vista MARC

Entrada Personal Name

Número de registros utilizados en: 1

001 - CONTROL NUMBER

  • control field: 5856

003 - CONTROL NUMBER IDENTIFIER

  • control field: OSt

005 - DATE AND TIME OF LATEST TRANSACTION

  • control field: 20200812104328.0

008 - FIXED-LENGTH DATA ELEMENTS

  • fixed length control field: 170928 a|ac|n|aab||||||||||||a |n|||||||

010 ## - LIBRARY OF CONGRESS CONTROL NUMBER

  • LC control number: 91032824

040 ## - CATALOGING SOURCE

  • Original cataloging agency: DLC
  • Language of cataloging: spa
  • Description conventions: rda
  • Transcribing agency: Mx-PuUPA
  • Modifying agency: DLC
  • Modifying agency: Mx-PuUPA

100 1# - HEADING--PERSONAL NAME

  • Personal name: Calleja, Tomás,

372 ## - FIELD OF ACTIVITY

  • Field of activity: Educación superior

374 ## - OCCUPATION

  • Occupation: Autor

375 ## - GENDER

  • Gender: hombre

377 ## - ASSOCIATED LANGUAGE

  • Language code: spa

670 ## - SOURCE DATA FOUND

  • Source citation: Biblioteca del congreso (Estados Unidos), 28 de septiembre de 2017:
  • Information found: catálogo electrónico:
  • Uniform Resource Identifier: https://goo.gl/iE3mdD

670 ## - SOURCE DATA FOUND

  • Source citation: His La universidad como empresa, 1990:
  • Information found: t.p. (Tomás Calleja) p. 4 cover (doctor ingeniero industrial)